• 首页
  • 本馆介绍
  • 公告通知
  • 最新文献
  • 馆藏检索
  • 电子资源
  • 读者导购
  • 参考咨询
  • 我的图书馆
  • 登录
  • 详细信息显示
  • 放入我的书架
  • 预约/预借图书
  • 作者相关作品
  • 分类相关作品
  • 丛书相关作品
  • 出版社相关作品

书目信息

  • 表格格式
  • 工作单格式
  • 卡片格式
题名:
中国古代舞谱
    
 
作者: 彭松 , 冯碧华 著
分册:  
出版信息: 北京   学苑出版社  2018.03
页数: 10,304页
开本: 27cm
丛书名:
单 册:
中图分类: J721
科图分类:
主题词: 舞谱--中国--古代
电子资源:
ISBN: 978-7-5077-5430-8
000 01099nam0 2200289 450
001 009091968
005 20180906092459.03
010    @a978-7-5077-5430-8@b精装@dCNY128.00
100    @a20180706d2018 em y0chiy50 ea
101 0  @achi
102    @aCN@b110000
105    @aa z 000yy
106    @ar
200 1  @a中国古代舞谱@9zhong guo gu dai wu pu@e公元前16世纪-1911年@dAncient Chinese dance notations@e16th century B.C.-1911 A.D.@f彭松,冯碧华著@zeng
205    @a修订版
210    @a北京@c学苑出版社@d2018.03
215    @a10,304页@c图,彩照@d27cm
300    @a得到北京师范大学传媒与艺术学院、中国拉班演讲中心资助
330    @a本书作者北京舞蹈学院彭松教授和冯碧华教授,梳理了古代文献史料,辑录整理了大量的中国古代舞谱,并将其破译为拉班舞谱介绍出来。
333    @a舞谱研究人员
510 1  @aAncient Chinese dance notations@e16th century B.C.-1911 A.D.@zeng
606 0  @a舞谱@y中国@z古代
690    @aJ721@v5
701  0 @a彭松@9peng song@f(1916-)@4著
701  0 @a冯碧华@9feng bi hua@c(女,@f1945-)@4著
801  0 @aCN@b人天书店@c20180706
905    @b1086244-47@dJ721@e196=2@f4
    
    中国古代舞谱:公元前16世纪-1911年=Ancient Chinese dance notations:16th century B.C.-1911 A.D./彭松,冯碧华著.-修订版.-北京:学苑出版社,2018.03
    10,304页:图,彩照;27cm
    得到北京师范大学传媒与艺术学院、中国拉班演讲中心资助.-使用对象:舞谱研究人员
    
    ISBN 978-7-5077-5430-8(精装):CNY128.00
    本书作者北京舞蹈学院彭松教授和冯碧华教授,梳理了古代文献史料,辑录整理了大量的中国古代舞谱,并将其破译为拉班舞谱介绍出来。
●
相关链接 在E读中查询图书 在五车中查询图书 在当当中查询图书 在豆瓣中查询图书


正题名:中国古代舞谱     索取号:J721/196=2         预约/预借

序号 登录号 条形码 馆藏地/架位号 状态 备注
1 1086244   210862440   第一样本阅览室/ [索取号:J721/196=2] 在馆    
2 1086245   210862459   教育系资料室/ [索取号:J721/196=2] 在馆    
3 1086246   210862468   教育系资料室/ [索取号:J721/196=2] 在馆    
4 1086247   210862477   第一借阅区/ [索取号:J721/196=2] 在馆    
唐山师范学院图书馆 欢迎您!
大连网信软件有限公司© 版权所有